Chemical engineering plant design (Record no. 18678)

000 -LEADER
fixed length control field 00563nam a22002051 4500
001 - CONTROL NUMBER
control field 18678
003 - CONTROL NUMBER IDENTIFIER
control field BD-DhUET
008 - FIXED-LENGTH DATA ELEMENTS--GENERAL INFORMATION
fixed length control field 840411s1959 nyua 000 0 eng
040 ## - CATALOGING SOURCE
Original cataloging agency DLC/ICU
Transcribing agency ICU
Modifying agency BD-DhUET
082 00 - DEWEY DECIMAL CLASSIFICATION NUMBER
Classification number 660.28
Item number VIL/1959
100 1# - MAIN ENTRY--PERSONAL NAME
Personal name Vilbrandt, Frank C.
245 10 - TITLE STATEMENT
Title Chemical engineering plant design
250 ## - EDITION STATEMENT
Edition statement 4th ed.
260 ## - PUBLICATION, DISTRIBUTION, ETC. (IMPRINT)
Place of publication, distribution, etc. New York
Name of publisher, distributor, etc. McGraw-Hill
Date of publication, distribution, etc. 1959
300 ## - PHYSICAL DESCRIPTION
Extent 534 p.
Other physical details illus.
Dimensions 24 cm.
490 0# - SERIES STATEMENT
Series statement McGraw-Hill series in chemical engineering
650 #0 - SUBJECT ADDED ENTRY--TOPICAL TERM
Topical term or geographic name as entry element Chemical engineering
700 ## - ADDED ENTRY--PERSONAL NAME
Personal name Dryden, Charles E.
942 ## - ADDED ENTRY ELEMENTS (KOHA)
Koha item type General Book
Holdings
Location (home branch) Shelving location Copy number Sublocation or collection (holding branch) Withdrawn status Not for loan Date acquired Price effective from Koha normalized classification for sorting Koha date last seen Source of classification or shelving scheme Lost status Koha item type Damaged status Koha full call number Piece designation (barcode)
Central Library, BUETCirculation section1Central Library, BUET  2015-03-312015-03-31660_280000000000000_VIL_19592015-03-31  General Book 660.28/VIL/195916370
Central Library, BUETCirculation section2Central Library, BUET  2015-03-312015-03-31660_280000000000000_VIL_19592015-03-31  General Book 660.28/VIL/195924467
Central Library, BUETCirculation section3Central Library, BUET  2015-03-312015-03-31660_280000000000000_VIL_19592015-03-31  Contented Book  660.28/VIL/195924468
Central Library, BUETCirculation section4Central Library, BUET  2015-03-312015-03-31660_280000000000000_VIL_19592015-03-31  General Book 660.28/VIL/195916369
Central Library, BUETCirculation section5Central Library, BUET  2015-05-142015-05-14660_280000000000000_VIL_19592015-05-14  General Book 660.28/VIL/19591060
Central Library, BUETCirculation section6Central Library, BUET  2015-05-142015-05-14660_280000000000000_VIL_19592015-05-14  General Book 660.28/VIL/195911229
Central Library, BUETReading section7Central Library, BUET  2015-06-182015-06-18660_280000000000000_VIL_19592015-06-18  Reading Item 660.28/VIL/195911231